| 000 | 00758nam a2200289Ia 4500 | ||
|---|---|---|---|
| 005 | 20250425161919.0 | ||
| 008 | 250425s9999 xx 000 0 und d | ||
| 020 | _a9682612411 | ||
| 041 | _aspa | ||
| 043 | _amx | ||
| 082 | _a658.8 | ||
| 100 | _aWEINRAUCH, J. DONALD | ||
| 245 | 0 | _aSOLUCION DE PROBLEMAS EN MERCADOTECNIA | |
| 250 | _a1A ED. | ||
| 260 | _aMEXICO | ||
| 260 |
_aMéxico _bCOMPAÑIA EDITORIAL CONTINENTAL _c1994 |
||
| 300 | _a366 | ||
| 500 | _aTítulo Traducido: THE MARKETING PROBLEM SOLVER | ||
| 650 | _aMERCADOTECNIA | ||
| 650 | _aMERCADOTECNIA DE SERVICIOS | ||
| 650 | _aSOLUCIONES | ||
| 650 | _aTOMA DE DECISIONES | ||
| 700 |
_aJOHN DELVALLE TUPPER _etraductor |
||
| 710 | _aCECSA | ||
| 942 | _c01 | ||
| 010 | _a34752 | ||
| 999 |
_c218734 _d218734 |
||